The sorrows of young werther; Elective affinities; Italian journey; Faust; Novella; Selected poems and Letters
Zapisane w:
| 1. autor: | |
|---|---|
| Format: | Książka |
| Język: | Undetermined |
| Wydane: |
London
Everyman's Library
1999
|
| Hasła przedmiotowe: | |
| Etykiety: |
Dodaj etykietę
Nie ma etykietki, Dołącz pierwszą etykiete!
|
| Thư viện lưu trữ: | Trung tâm Học liệu Trường Đại học Cần Thơ |
|---|
| LEADER | 00597nam a2200181Ia 4500 | ||
|---|---|---|---|
| 001 | CTU_40092 | ||
| 008 | 210402s9999 xx 000 0 und d | ||
| 082 | |a 833.6 | ||
| 082 | |b G599 | ||
| 100 | |a Johann Wolfgang von Goethe | ||
| 245 | 4 | |a The sorrows of young werther; Elective affinities; Italian journey; Faust; Novella; Selected poems and Letters | |
| 245 | 0 | |c Johann Wolfgang von Goethe | |
| 260 | |a London | ||
| 260 | |b Everyman's Library | ||
| 260 | |c 1999 | ||
| 650 | |a german literature - 18th century | ||
| 904 | |i Minh, 001222 | ||
| 980 | |a Trung tâm Học liệu Trường Đại học Cần Thơ | ||